| 000 | 00497nam a2200145 a 4500 | ||
|---|---|---|---|
| 008 | 071128s1980 ||||||||||||||||| || u | ||
| 020 | _a0860093735 | ||
| 050 | _aPR 6068.U86 | ||
| 100 | _aRussell, Martin | ||
| 245 | 1 | 0 |
_aDeath fuse _cMartin Russell |
| 260 |
_aLondon _bMagna Print Books _c1980 |
||
| 350 | _a0.00 | ||
| 650 | _aENGLISH LANGUAGE | ||
| 995 |
_D0.00 _FCBU-MAIN LIBRARY (Kitwe) _H1 _I0.00 _M1 _UAVAILABLE _WNov 28, 2007 _ZFiction Collection |
||
| 999 |
_c39462 _d39462 |
||